000
00305nam a22001337a 4500
003
SGT
082
_a
617.7
_b
M15K
100
_a
KURANA, A.K
245
_a
MOS SERIES PRINCIPLES AND PRACTICE OF GLAUCOMA
260
_a
INDIA
_b
CBS
_c
2015
300
_a
330
650
_a
OPHTHALMOLOGY
942
_2
ddc
_c
BK
_0
1
999
_c
14629
_d
14629